000047298 001__ 47298 000047298 005__ 20260105084813.0 000047298 0247_ $$2HSB$$a999910272524 000047298 037__ $$aRWTH-CONV-008111 000047298 041__ $$aEnglish 000047298 1001_ $$0P:(DE-82)105642$$aKärcher, Mark$$b0 000047298 245__ $$aA certified reduced basis method for parametrized elliptic optimal control problems / Mark Kärcher ...$$honline, print 000047298 260__ $$aAachen$$bInstitut für Geometrie und Praktische Mathematik$$c2012 000047298 300__ $$a27 S. 000047298 3367_ $$0PUB:(DE-HGF)25$$2PUB:(DE-HGF)$$aPreprint$$bpreprint$$mpreprint 000047298 3367_ $$2ORCID$$aWORKING_PAPER 000047298 3367_ $$2DRIVER$$apreprint 000047298 3367_ $$2DataCite$$aOutput Types/Working Paper 000047298 3367_ $$028$$2EndNote$$aElectronic Article 000047298 3367_ $$2BibTeX$$aARTICLE 000047298 4900_ $$aBericht / Institut für Geometrie und Praktische Mathematik, RWTH Aachen$$v341 000047298 591__ $$aGermany 000047298 7001_ $$0P:(DE-82)IDM00072$$aGrepl, Martin A.$$b1 000047298 8564_ $$uhttp://www.igpm.rwth-aachen.de/Download/reports/pdf/IGPM341_k.pdf$$yFulltext 000047298 909CO $$ooai:publications.rwth-aachen.de:47298$$pVDB 000047298 9201_ $$0I:(DE-82)111730_20140620$$k111730$$lJuniorprofessur für Optimierung mit partiellen Differentialgleichungen$$x0 000047298 9201_ $$0I:(DE-82)110000_20140620$$k110000$$lFachgruppe Mathematik$$x1 000047298 9201_ $$0I:(DE-82)112620_20140620$$k112620$$lLehr- und Forschungsgebiet Optimierung mit partiellen Differentialgleichungen$$x2 000047298 961__ $$c2014-08-12$$x2012-10-31$$z2012-02-20 000047298 970__ $$ahsb999910272524 000047298 980__ $$apreprint 000047298 980__ $$aI:(DE-82)111730_20140620 000047298 980__ $$aI:(DE-82)110000_20140620 000047298 980__ $$aVDB 000047298 980__ $$aUNRESTRICTED 000047298 980__ $$aConvertedRecord 000047298 980__ $$aI:(DE-82)112620_20140620